000
00280nam a2200097Ia 4500
082
_a
150.198 LEIM
245
0
_a
Positive psychology for dummies
100
_a
LEIMON, Averil Chichester, West Sussex, 2009
_9
74963
942
_c
BK
008
210817s9999 xx 000 0 und d
999
_c
247493
_d
247492